Úroveň vysokoškolsky vzdelaného obyvateľstva v podmienkach Slovenskej republiky a ekonomické podmienky rozvoja vzdelanosti vo vzťahu k ostatným krajinám OECD

Komparácia vzdelanostnej štruktúry krajín OECD v rokoch 1998-2009. Komparácia úrovne ekonomických podmienok na podporu vysokoškolského vzdelávania v krajinách OECD v rokoch 2000-2008. Verejné zdroje, súkromné zdroje na vytváranie ekonomických podmienok podpory. Pozícia SR vo vzdelanostnej štruktúre...

Celý popis

Uložené v:
Podrobná bibliografia
Hlavný autor: Novotný, Oskar
Ďalší autori: Kováčová, Eleonóra
Médium: Kapitola
Jazyk:Slovak
Predmet:
Tagy: Pridať tag
Žiadne tagy, Buďte prvý, kto otaguje tento záznam!

MARC

LEADER 00000naa a2200000 4500
001 0183614
005 20231207093911.3
041 0 |a slo 
044 |a SK 
245 1 0 |a Úroveň vysokoškolsky vzdelaného obyvateľstva v podmienkach Slovenskej republiky a ekonomické podmienky rozvoja vzdelanosti vo vzťahu k ostatným krajinám OECD  |c Oskar Novotný, Eleonóra Kováčová 
520 |a Komparácia vzdelanostnej štruktúry krajín OECD v rokoch 1998-2009. Komparácia úrovne ekonomických podmienok na podporu vysokoškolského vzdelávania v krajinách OECD v rokoch 2000-2008. Verejné zdroje, súkromné zdroje na vytváranie ekonomických podmienok podpory. Pozícia SR vo vzdelanostnej štruktúre voči ostatným krajinám OECD. Pozícia SR v zmenených ekonomických podmienkach na podporu vysokoškolského vzdelávania z verejných a súkromných zdrojov v krajinách OECD v roku 2008 oproti roku 2000. Komparácia percenta študujúcich na 3. stupni vzdelávania obyvateľstva v 25-tich členských krajinách OECD. 
610 2 0 |a vzdelávanie 
610 2 0 |a porovnanie medzinárodné 
610 2 0 |a OECD 
100 1 |a Novotný, Oskar 
700 1 |a Kováčová, Eleonóra